000 00629nam a2200205 i 4500
001 57054
003 ES-MaACL
005 20250910213756.0
007 t|
008 031014s1942 sp ||||1| spa d
100 1 _aDíez del Corral, Luis.
_944718
245 1 0 _aMallorca
_b: xilografías de E.C. Ricart /
_cLuis Díez del Corral.
260 _aBarcelona :
_bJuventud,
_c[1942] (
_fAgustín Núñez)
300 _a132 p. ;
_c22 cm.
490 1 _aTierras y mares
700 1 _aRicart, Enric C.,
_d1893-1960
_996857
830 0 _aTierras y mares
_9230415
852 _aES-MaACL
_jF-16074
_bR.20779
999 _c57054
_d57054